000 00548nam a2200133Ia 4500
008 100328s9999 xx 000 0 und d
082 _b31848
100 _aनेने मा. वा.
245 _aसूक्ष्म-जंतु जादुगार (लुइ पाश्चर)
260 _bविज्ञान
630 _aसूक्ष्म-जंतु जादुगार (लुइ पाश्चर)
730 _aसूक्ष्म-जंतु जादुगार (लुइ पाश्चर)
942 _cBOOK
999 _c522668
_d522665